2026 NFL Draft First Round - Statistics

General Stats
  • This quiz has been taken 17 times
  • The average score is 20 of 32
Answer Stats
Pick Team Player Position School % Correct
1 Las Vegas Raiders Fernando Mendoza QB Indiana
93%
13 Los Angeles Rams Ty Simpson QB Alabama
93%
11 Dallas Cowboys Caleb Downs S Ohio State
87%
2 New York Jets David Bailey EDGE Texas Tech
87%
3 Arizona Cardinals Jeremiyah Love RB Notre Dame
87%
5 New York Giants Arvell Reese LB Ohio State
80%
4 Tennessee Titans Carnell Tate WR Ohio State
80%
7 Washington Commanders Sonny Styles LB Ohio State
80%
8 New Orleans Saints Jordyn Tyson WR Arizona State
73%
12 Miami Dolphins Kadyn Proctor OT Alabama
73%
24 Cleveland Browns KC Concepcion WR Texas A&M
73%
20 Philadelphia Eagles Makai Lemon WR USC
73%
6 Kansas City Chiefs Mansoor Delane CB LSU
73%
15 Tamapa Bay Bucaneers Reuben Bain Jr EDGE Miami
73%
10 New York Giants Francis Mauigoa OT Miami
67%
16 New York Jets Kenyon Sadiq TE Oregon
67%
9 Cleveland Browns Spencer Fano OT Utah
67%
18 Minnesota Vikings Caleb Banks DT Florida
60%
32 Seattle Seahawks Jadarian Price RB Notre Dame
60%
30 New York Jets Omar Cooper Jr WR Indiana
60%
29 Kansas City Chiefs Peter Woods DT Clemson
60%
23 Dallas Cowboys Malachi Lawrence EDGE UCF
53%
17 Detroit Lions Blake Miller OT Clemson
47%
27 Miami Dolphins Chris Johnson CB San Diego State
47%
31 Tennessee Titans Keldric Faulk EDGE Auburn
47%
19 Carolina Panthers Monroe Freeling OT Georgia
47%
14 Baltimore Ravens Olaivavega Ioane OG Penn State
47%
28 New England Patriots Caleb Lomu OT Utah
40%
25 Chicago Bears Dillon Thieneman S Oregon
40%
21 Pittsburgh Steelers Max Iheanachor OT Arizona State
40%
22 Los Angeles Chargers Akheem Mesidor EDGE Miami
27%
26 Houston Texans Keylan Rutledge OG Georgia Tech
27%
No matching quizzes found
Score Distribution
Percent of People with Each Score
Percentile by Number Answered
Your Score History
You have not taken this quiz